| 000 | 01115nam a2200229 a 4500 | ||
|---|---|---|---|
| 008 | 190121s2015 ||||||||||||||||| || u | ||
| 020 | _a9781473911949 | ||
| 050 | _aRA 1148 Bro | ||
| 100 | _aShell, Yvonne | ||
| 245 | 1 | 0 |
_aForensic psychology: theory, research, policy and practice _cby Jennifer Brown; Yvonne Shell and Terri Cole |
| 260 |
_aLondon: _bSAGE Publications _c2015 |
||
| 300 | _axxi, 386p.: ill. | ||
| 350 | _a40.37 | ||
| 650 | 7 |
_aFORENSIC PSYCHOLOGY _2fast |
|
| 650 | _aFORENSIC PSYCHOLOGY--GREAT BRITAIN | ||
| 650 | _aFORENSIC PSYCHIATRY | ||
| 700 | _aCole, Terri | ||
| 700 | _aBrown, Jennifer | ||
| 995 |
_aMAIN LIBRARY OPEN ACCESS _e748819 _FCBU-MAIN LIBRARY (Kitwe) _I40.37 _jRA 1148 Bro _M1 _UAVAILABLE _WJan 23, 2019 _y748819 _ZMain Library Open Access Collection |
||
| 995 |
_aANNEX COLLECTION (Main Library) _e748821 _FCBU-MAIN LIBRARY (Kitwe) _I40.37 _jRA 1148 Bro _M3 _UAVAILABLE _WJan 23, 2019 _y748821 _ZAnnex Low-Usage Collection |
||
| 995 |
_aMAIN LIBRARY OPEN ACCESS _e748820 _FCBU-MAIN LIBRARY (Kitwe) _I40.37 _jRA 1148 Bro _M2 _UAVAILABLE _WJan 23, 2019 _y748820 _ZMain Library Open Access Collection |
||
| 999 |
_c63217 _d63217 |
||